[Event "Wch u20 girls"]
[Site "Kocaeli"]
[Date "2013.09.22"]
[Round "9.7"]
[White "Enkhtuul, Altanulzii"]
[Black "Khademalsharieh, Sarasadat"]
[Result "1/2-1/2"]
[WhiteElo "2202"]
[BlackElo "2303"]
[PlyCount "68"]
[EventDate "2013.09.??"]
[EventType "swiss"]
[EventRounds "13"]
[EventCountry "TUR"]
[Source "CBase R.Goldau"]
[SourceDate "2000.03.01"]
[TimeControl "40/5400+30:1800+30"]

1. d4 Nf6 2. Nf3 e6 3. g3 d5 4. c4 Be7 5. Bg2 {[%emt 0:00:00]} O-O {[%emt 0:01:
30]} 6. O-O {[%emt 0:00:00]} dxc4 {[%emt 0:00:30]} 7. Ne5 {[%emt 0:00:30]} Nc6
{[%emt 0:00:30]} 8. Nxc6 {[%emt 0:00:30]} bxc6 {[%emt 0:00:30]} 9. Na3 {[%emt
0:00:30]} Bxa3 {[%emt 0:01:30]} 10. bxa3 {[%emt 0:00:30]} Ba6 {[%emt 0:00:30]}
11. Bxc6 {[%emt 0:13:30]} Rb8 {[%emt 0:00:00]} 12. a4 {[%emt 0:00:30]} Qd6 {
[%emt 0:02:00]} 13. Bg2 {[%emt 0:00:30]} Nd5 {[%emt 0:02:30]} 14. e4 {[%emt 0:
10:30]} Nc3 {[%emt 0:04:30]} 15. Qg4 {[%emt 0:00:30]} f5 {[%emt 0:06:30]} 16.
exf5 {[%emt 0:00:30]} exf5 {[%emt 0:00:30]} 17. Qf3 {[%emt 0:00:30]} Qxd4 {
[%emt 0:00:30]} 18. Be3 {[%emt 0:02:30]} Qf6 {[%emt 0:01:30]} 19. Bg5 {[%emt 0:
08:30]} Qxg5 {[%emt 0:01:30]} 20. Qxc3 {[%emt 0:00:00]} f4 {[%emt 0:01:30]} 21.
Rad1 {[%emt 0:01:00]} Rbd8 {[%emt 0:02:30]} 22. Be4 {[%emt 0:03:30]} Qc5 {
[%emt 0:04:30]} 23. Rxd8 {[%emt 0:06:30]} Rxd8 {[%emt 0:00:00]} 24. gxf4 {
[%emt 0:02:30]} Qd4 {[%emt 0:04:00]} 25. Qf3 {[%emt 0:00:30]} c3 {[%emt 0:17:
30]} 26. Rc1 {[%emt 0:01:30]} Bd3 {[%emt 0:09:30]} 27. Bxd3 {[%emt 0:00:30]}
Qxd3 {[%emt 0:00:30]} 28. Rxc3 {[%emt 0:01:30]} Qg6+ {[%emt 0:02:30]} 29. Kh1 {
[%emt 0:04:30]} Qb1+ {[%emt 0:07:30]} 30. Kg2 {[%emt 0:00:30]} Qg6+ {[%emt 0:
02:30]} 31. Qg3 {[%emt 0:01:30]} Qe4+ {[%emt 0:00:30]} 32. Qf3 {[%emt 0:00:30]}
Qg6+ {[%emt 0:00:30]} 33. Qg3 {[%emt 0:00:30]} Qe4+ {[%emt 0:00:30]} 34. Qf3 {
[%emt 0:05:30]} Qg6+ {[%emt 0:00:30]} 1/2-1/2

[Event "Wch u20 girls"]
[Site "Kocaeli"]
[Date "2013.09.22"]
[Round "9.8"]
[White "Hejazipour, Mitra"]
[Black "Xiao, Yiyi"]
[Result "1-0"]
[WhiteElo "2256"]
[BlackElo "2163"]
[PlyCount "109"]
[EventDate "2013.09.??"]
[EventType "swiss"]
[EventRounds "13"]
[EventCountry "TUR"]
[Source "CBase R.Goldau"]
[SourceDate "2000.03.01"]
[TimeControl "40/5400+30:1800+30"]

1. d4 Nf6 2. Nf3 e6 3. c4 d5 4. Nc3 Bb4 {[%emt 0:01:00]} 5. Bg5 {[%emt 0:02:30]
} h6 {[%emt 0:00:30]} 6. Bxf6 {[%emt 0:00:30]} Qxf6 {[%emt 0:00:30]} 7. Rc1 {
[%emt 0:04:30]} O-O {[%emt 0:04:30]} 8. a3 {[%emt 0:05:30]} Bxc3+ {[%emt 0:00:
30]} 9. Rxc3 {[%emt 0:00:00]} Rd8 {[%emt 0:03:30]} 10. Qc2 {[%emt 0:15:00]} Nc6
{[%emt 0:09:30]} 11. cxd5 {[%emt 0:14:30]} exd5 {[%emt 0:09:30]} 12. e3 {[%emt
0:01:30]} Bf5 {[%emt 0:02:30]} 13. Qb3 {[%emt 0:07:30]} Ne7 {[%emt 0:12:30]}
14. Be2 {[%emt 0:11:30]} c6 {[%emt 0:02:30]} 15. O-O {[%emt 0:00:30]} Bg4 {
[%emt 0:05:30]} 16. Qc2 {[%emt 0:05:30]} Ng6 {[%emt 0:01:30]} 17. Ne1 {[%emt 0:
00:30]} Bd7 {[%emt 0:03:30]} 18. Qb3 {[%emt 0:06:30]} b6 {[%emt 0:06:30]} 19.
Nd3 {[%emt 0:00:30]} Re8 {[%emt 0:00:00]} 20. Qc2 {[%emt 0:03:30]} Rac8 {[%emt
0:02:00]} 21. Rc1 {[%emt 0:01:38]} Qg5 {[%emt 0:02:30]} 22. Qd1 {[%emt 0:03:34]
} Re7 {[%emt 0:14:45]} 23. Kh1 {[%emt 0:02:41]} Rce8 {[%emt 0:00:12]} 24. Bf1 {
[%emt 0:07:01]} h5 {[%emt 0:02:34]} 25. Nb4 {[%emt 0:01:08]} Re6 {[%emt 0:05:
22]} 26. Nxc6 {[%emt 0:00:47]} a5 {[%emt 0:02:01]} 27. f4 {[%emt 0:02:03]} Qf6
{[%emt 0:04:07]} 28. Ne5 {[%emt 0:00:14]} Nf8 {[%emt 0:00:28]} 29. Rc7 {[%emt
0:00:54]} Qd8 {[%emt 0:01:16]} 30. Qxh5 {[%emt 0:00:36]} R8e7 {[%emt 0:00:42]}
31. Bd3 {[%emt 0:01:26]} Rh6 {[%emt 0:00:08]} 32. Qf3 {[%emt 0:00:21]} Ne6 {
[%emt 0:03:15]} 33. R7c3 {[%emt 0:00:43]} g6 {[%emt 0:01:43]} 34. Ng4 {[%emt 0:
00:45]} Rh4 {[%emt 0:00:21]} 35. Nf6+ {[%emt 0:00:35]} Kg7 {[%emt 0:00:01]} 36.
Nxd5 {[%emt 0:00:40]} Re8 {[%emt 0:00:34]} 37. g3 {[%emt 0:01:44]} Rh5 {[%emt
0:01:28]} 38. Nc7 {[%emt 0:00:00]} Reh8 {[%emt 0:00:00]} 39. Nxe6+ {[%emt 0:00:
00]} Bxe6 {[%emt 0:00:00]} 40. R1c2 {[%emt 0:00:00]} a4 {[%emt 0:00:00]} 41.
Rd2 {[%emt 0:03:40]} Qd7 {[%emt 0:02:03]} 42. Be4 {[%emt 0:04:30]} Qe7 {[%emt
0:07:30]} 43. Bc6 {[%emt 0:00:30]} g5 {[%emt 0:02:30]} 44. f5 {[%emt 0:02:30]}
g4 {[%emt 0:00:30]} 45. f6+ {[%emt 0:00:30]} Qxf6 {[%emt 0:00:30]} 46. Qxf6+ {
[%emt 0:00:30]} Kxf6 {[%emt 0:00:00]} 47. e4 {[%emt 0:00:00]} Bb3 {[%emt 0:00:
00]} 48. Rc1 {[%emt 0:02:00]} Ke7 {[%emt 0:01:30]} 49. Rf1 {[%emt 0:02:30]} Rd8
{[%emt 0:02:39]} 50. d5 {[%emt 0:02:11]} f6 {[%emt 0:00:52]} 51. Rf4 {[%emt 0:
00:32]} Rg5 {[%emt 0:00:11]} 52. Kg1 {[%emt 0:00:49]} Rg6 {[%emt 0:00:18]} 53.
Rd4 {[%emt 0:01:39]} Kd6 {[%emt 0:01:08]} 54. Bxa4 {[%emt 0:02:27]} Rc8 {[%emt
0:00:00]} 55. Rf2 {[%emt 0:00:17]} 1-0

[Event "Wch u20 girls"]
[Site "Kocaeli"]
[Date "2013.09.22"]
[Round "9.9"]
[White "Qiu, Mengjie"]
[Black "Styazhkina, Anna"]
[Result "1-0"]
[WhiteElo "2091"]
[BlackElo "2241"]
[PlyCount "73"]
[EventDate "2013.09.??"]
[EventType "swiss"]
[EventRounds "13"]
[EventCountry "TUR"]
[Source "CBase R.Goldau"]
[SourceDate "2000.03.01"]
[TimeControl "40/5400+30:1800+30"]

1. e4 e5 2. Nf3 Nc6 3. Bb5 f5 {[%emt 0:00:30]} 4. d4 {[%emt 0:09:00]} fxe4 {
[%emt 0:03:30]} 5. Nxe5 {[%emt 0:00:30]} Nxe5 {[%emt 0:04:30]} 6. dxe5 {[%emt
0:00:30]} c6 {[%emt 0:00:30]} 7. Be2 {[%emt 0:08:30]} Qa5+ {[%emt 0:05:30]} 8.
Bd2 {[%emt 0:03:30]} Qxe5 {[%emt 0:02:30]} 9. Bh5+ {[%emt 0:01:30]} Kd8 {[%emt
0:00:30]} 10. Bc3 {[%emt 0:03:30]} Qg5 {[%emt 0:03:30]} 11. O-O {[%emt 0:01:30]
} Nf6 {[%emt 0:01:30]} 12. Be2 {[%emt 0:10:30]} d5 {[%emt 0:07:30]} 13. Bd2 {
[%emt 0:05:30]} Qg6 {[%emt 0:07:30]} 14. Bf4 {[%emt 0:01:30]} Bc5 {[%emt 0:05:
30]} 15. c4 {[%emt 0:02:30]} Ke7 {[%emt 0:05:30]} 16. Nc3 {[%emt 0:04:30]} Rd8
{[%emt 0:02:30]} 17. cxd5 {[%emt 0:02:30]} cxd5 {[%emt 0:01:30]} 18. Nb5 {
[%emt 0:05:30]} Bf5 {[%emt 0:22:30]} 19. Rc1 {[%emt 0:03:30]} Rac8 {[%emt 0:01:
30]} 20. Kh1 {[%emt 0:02:30]} Bb6 {[%emt 0:13:03]} 21. Qb3 {[%emt 0:03:30]} Kf8
{[%emt 0:05:02]} 22. Rxc8 {[%emt 0:03:30]} Bxc8 {[%emt 0:00:34]} 23. f3 {[%emt
0:01:30]} Kg8 {[%emt 0:01:17]} 24. Nd6 {[%emt 0:02:30]} Be6 {[%emt 0:03:14]}
25. Nxb7 {[%emt 0:04:30]} Rd7 {[%emt 0:00:44]} 26. Nd6 {[%emt 0:00:30]} Bc7 {
[%emt 0:01:34]} 27. fxe4 {[%emt 0:03:05]} Rxd6 {[%emt 0:00:44]} 28. Qb7 {[%emt
0:08:54]} Ne8 {[%emt 0:00:29]} 29. Bxd6 {[%emt 0:01:00]} Bxd6 {[%emt 0:00:07]}
30. e5 {[%emt 0:02:21]} Bf8 {[%emt 0:00:51]} 31. Qxa7 {[%emt 0:00:13]} Qe4 {
[%emt 0:00:44]} 32. Bb5 {[%emt 0:00:48]} Qg6 {[%emt 0:00:28]} 33. Qb8 {[%emt 0:
01:19]} Bf7 {[%emt 0:00:32]} 34. Qc8 {[%emt 0:00:58]} d4 {[%emt 0:00:30]} 35.
Rxf7 {[%emt 0:00:39]} d3 {[%emt 0:00:31]} 36. Rf1 {[%emt 0:00:56]} d2 {[%emt 0:
00:26]} 37. Bc4+ {[%emt 0:00:08]} 1-0

[Event "Wch u20 girls"]
[Site "Kocaeli"]
[Date "2013.09.22"]
[Round "9.10"]
[White "Derakhshani, Dorsa"]
[Black "Rodriguez Rueda, Paula Andrea"]
[Result "0-1"]
[WhiteElo "2078"]
[BlackElo "2228"]
[PlyCount "100"]
[EventDate "2013.09.??"]
[EventType "swiss"]
[EventRounds "13"]
[EventCountry "TUR"]
[Source "CBase R.Goldau"]
[SourceDate "2000.03.01"]
[TimeControl "40/5400+30:1800+30"]

1. e4 c5 2. Nf3 d6 3. d4 cxd4 4. Nxd4 Nf6 5. Nc3 a6 6. Be3 e5 {[%emt 0:01:00]}
7. Nf3 {[%emt 0:01:30]} Be7 {[%emt 0:00:30]} 8. Bc4 {[%emt 0:00:30]} O-O {
[%emt 0:00:30]} 9. O-O {[%emt 0:00:30]} Nc6 {[%emt 0:00:30]} 10. Re1 {[%emt 0:
00:30]} Be6 {[%emt 0:10:30]} 11. Bd5 {[%emt 0:02:30]} Rc8 {[%emt 0:04:30]} 12.
a3 {[%emt 0:09:30]} b5 {[%emt 0:01:30]} 13. Qd3 {[%emt 0:04:30]} Na5 {[%emt 0:
02:30]} 14. Nd2 {[%emt 0:08:30]} Qd7 {[%emt 0:05:30]} 15. Rad1 {[%emt 0:05:30]}
Nxd5 {[%emt 0:03:30]} 16. Nxd5 {[%emt 0:02:30]} Bxd5 {[%emt 0:00:00]} 17. exd5
{[%emt 0:00:30]} f5 {[%emt 0:00:00]} 18. Bb6 {[%emt 0:04:30]} Nc4 {[%emt 0:02:
30]} 19. Nxc4 {[%emt 0:03:30]} bxc4 {[%emt 0:00:00]} 20. Qc3 {[%emt 0:03:30]}
Bf6 {[%emt 0:08:00]} 21. f3 {[%emt 0:06:30]} Qb5 {[%emt 0:01:30]} 22. Qb4 {
[%emt 0:03:30]} Qd7 {[%emt 0:04:30]} 23. Be3 {[%emt 0:04:30]} Rc7 {[%emt 0:06:
30]} 24. b3 {[%emt 0:03:30]} Rfc8 {[%emt 0:01:30]} 25. Qa5 {[%emt 0:03:30]}
cxb3 {[%emt 0:24:30]} 26. cxb3 {[%emt 0:01:30]} e4 {[%emt 0:00:30]} 27. Qxa6 {
[%emt 0:03:30]} exf3 {[%emt 0:01:30]} 28. gxf3 {[%emt 0:01:30]} Rc3 {[%emt 0:
05:50]} 29. Rc1 {[%emt 0:03:30]} Re8 {[%emt 0:00:45]} 30. Qb6 {[%emt 0:05:30]}
Qf7 {[%emt 0:05:38]} 31. Rxc3 {[%emt 0:04:22]} Bxc3 {[%emt 0:00:06]} 32. Rc1 {
[%emt 0:00:01]} Qf6 {[%emt 0:00:44]} 33. Kh1 {[%emt 0:01:11]} Bb2 {[%emt 0:02:
02]} 34. Rg1 {[%emt 0:03:00]} Qc3 {[%emt 0:01:08]} 35. Bf2 {[%emt 0:04:09]}
Qxf3+ {[%emt 0:00:07]} 36. Rg2 {[%emt 0:00:00]} Qd1+ {[%emt 0:02:44]} 37. Bg1 {
[%emt 0:00:32]} Qxd5 {[%emt 0:00:16]} 38. Qc7 {[%emt 0:01:22]} h6 {[%emt 0:04:
34]} 39. a4 {[%emt 0:03:23]} Kh8 {[%emt 0:02:30]} 40. Qc4 {[%emt 0:00:00]} Qf3
{[%emt 0:00:00]} 41. Qc2 {[%emt 0:03:30]} Bf6 {[%emt 0:02:36]} 42. Qf2 {[%emt
0:03:30]} Qe4 {[%emt 0:01:30]} 43. Qc2 {[%emt 0:00:30]} Qd5 {[%emt 0:01:30]}
44. Qd2 {[%emt 0:01:30]} Qxb3 {[%emt 0:01:30]} 45. Qxd6 {[%emt 0:00:30]} Qxa4 {
[%emt 0:00:00]} 46. Qd5 {[%emt 0:00:30]} f4 {[%emt 0:01:00]} 47. Bf2 {[%emt 0:
03:30]} Rd8 {[%emt 0:00:30]} 48. Qb7 {[%emt 0:00:30]} Qc4 {[%emt 0:03:30]} 49.
h4 {[%emt 0:01:30]} Qf1+ {[%emt 0:01:30]} 50. Bg1 {[%emt 0:00:30]} f3 {[%emt 0:
01:30]} 0-1

[Event "Wch u20 girls"]
[Site "Kocaeli"]
[Date "2013.09.22"]
[Round "9.11"]
[White "Stetsko, Lanita"]
[Black "Imeeva, Aisa"]
[Result "1-0"]
[WhiteElo "2209"]
[BlackElo "2067"]
[PlyCount "95"]
[EventDate "2013.09.??"]
[EventType "swiss"]
[EventRounds "13"]
[EventCountry "TUR"]
[Source "CBase R.Goldau"]
[SourceDate "2000.03.01"]
[TimeControl "40/5400+30:1800+30"]

1. e4 e5 2. Nf3 Nc6 3. Bb5 a6 4. Ba4 Nf6 5. O-O Be7 6. Re1 b5 7. Bb3 d6 8. c3
O-O 9. h3 Na5 {[%emt 0:00:30]} 10. Bc2 {[%emt 0:03:00]} c5 {[%emt 0:00:30]} 11.
d4 {[%emt 0:00:30]} Nd7 {[%emt 0:00:30]} 12. b3 {[%emt 0:05:30]} cxd4 {[%emt 0:
02:30]} 13. cxd4 {[%emt 0:00:30]} Nc6 {[%emt 0:00:30]} 14. Nc3 {[%emt 0:03:30]}
Nb6 {[%emt 0:11:30]} 15. Bb2 {[%emt 0:17:30]} Bb7 {[%emt 0:02:30]} 16. a3 {
[%emt 0:10:30]} Re8 {[%emt 0:10:30]} 17. Nd5 {[%emt 0:03:30]} Bf8 {[%emt 0:00:
30]} 18. Ne3 {[%emt 0:01:30]} g6 {[%emt 0:00:30]} 19. d5 {[%emt 0:01:30]} Nb8 {
[%emt 0:01:30]} 20. a4 {[%emt 0:01:30]} bxa4 {[%emt 0:01:30]} 21. bxa4 {[%emt
0:00:30]} a5 {[%emt 0:05:30]} 22. Qd2 {[%emt 0:03:30]} Bh6 {[%emt 0:00:30]} 23.
Bd3 {[%emt 0:06:30]} Ba6 {[%emt 0:01:30]} 24. Bc3 {[%emt 0:00:30]} Bxd3 {[%emt
0:00:30]} 25. Qxd3 {[%emt 0:00:30]} Bxe3 {[%emt 0:03:30]} 26. Qxe3 {[%emt 0:00:
30]} N8d7 {[%emt 0:00:30]} 27. Qh6 {[%emt 0:07:30]} Qf6 {[%emt 0:01:30]} 28.
Reb1 {[%emt 0:03:30]} Rec8 {[%emt 0:01:30]} 29. Qd2 {[%emt 0:01:30]} Rc4 {
[%emt 0:15:30]} 30. Bxa5 {[%emt 0:07:30]} Rxa4 {[%emt 0:00:30]} 31. Rxa4 {
[%emt 0:00:30]} Nxa4 {[%emt 0:00:30]} 32. Nh2 {[%emt 0:00:30]} Nac5 {[%emt 0:
00:30]} 33. f3 {[%emt 0:01:30]} h5 {[%emt 0:03:30]} 34. Nf1 {[%emt 0:00:30]}
Qe7 {[%emt 0:09:30]} 35. Ne3 {[%emt 0:01:30]} Qg5 {[%emt 0:06:30]} 36. Nc4 {
[%emt 0:02:30]} Qxd2 {[%emt 0:01:30]} 37. Bxd2 {[%emt 0:00:30]} Ra6 {[%emt 0:
00:30]} 38. Ba5 {[%emt 0:00:49]} Kf8 {[%emt 0:00:00]} 39. Bc7 {[%emt 0:00:25]}
Ke7 {[%emt 0:00:00]} 40. Na5 {[%emt 0:00:00]} Nf6 {[%emt 0:00:00]} 41. Nc6+ {
[%emt 0:02:46]} Kd7 {[%emt 0:03:00]} 42. Bb6 {[%emt 0:00:30]} Kc8 {[%emt 0:17:
30]} 43. Bxc5 {[%emt 0:01:30]} dxc5 {[%emt 0:00:30]} 44. Nxe5 {[%emt 0:00:30]}
Ra7 {[%emt 0:02:30]} 45. Rc1 {[%emt 0:00:30]} Nd7 {[%emt 0:01:30]} 46. Nxf7 {
[%emt 0:00:30]} Kc7 {[%emt 0:00:00]} 47. e5 {[%emt 0:00:30]} Kb6 {[%emt 0:00:
00]} 48. Rb1+ {[%emt 0:00:30]} 1-0

[Event "Wch u20 girls"]
[Site "Kocaeli"]
[Date "2013.09.22"]
[Round "9.12"]
[White "Zhai, Mo"]
[Black "Fronda, Jan Jodilyn"]
[Result "0-1"]
[WhiteElo "2319"]
[BlackElo "2038"]
[PlyCount "62"]
[EventDate "2013.09.??"]
[EventType "swiss"]
[EventRounds "13"]
[EventCountry "TUR"]
[Source "CBase R.Goldau"]
[SourceDate "2000.03.01"]
[TimeControl "40/5400+30:1800+30"]

1. e4 c5 2. Nf3 Nc6 3. d4 cxd4 4. Nxd4 g6 {[%emt 0:01:00]} 5. Nc3 {[%emt 0:02:
30]} Bg7 {[%emt 0:00:30]} 6. Be3 {[%emt 0:00:30]} Nf6 {[%emt 0:00:30]} 7. Bc4 {
[%emt 0:05:30]} O-O {[%emt 0:01:30]} 8. Bb3 {[%emt 0:00:30]} a5 {[%emt 0:00:30]
} 9. O-O {[%emt 0:16:30]} a4 {[%emt 0:35:30]} 10. Nxa4 {[%emt 0:00:30]} Nxe4 {
[%emt 0:00:30]} 11. Nb5 {[%emt 0:00:30]} d6 {[%emt 0:14:30]} 12. Qe2 {[%emt 0:
11:30]} Nf6 {[%emt 0:03:30]} 13. Rfe1 {[%emt 0:13:30]} Ra6 {[%emt 0:02:30]} 14.
Rad1 {[%emt 0:03:30]} Bd7 {[%emt 0:00:30]} 15. c4 {[%emt 0:01:30]} Na5 {[%emt
0:11:30]} 16. Bc2 {[%emt 0:01:30]} Be6 {[%emt 0:06:45]} 17. b3 {[%emt 0:01:30]}
Nc6 {[%emt 0:01:28]} 18. a3 {[%emt 0:10:30]} Nd7 {[%emt 0:00:56]} 19. h4 {
[%emt 0:00:30]} h5 {[%emt 0:01:05]} 20. Bg5 {[%emt 0:03:30]} Nde5 {[%emt 0:06:
45]} 21. Rxd6 {[%emt 0:04:30]} Qb8 {[%emt 0:00:18]} 22. Rxe6 {[%emt 0:06:29]}
fxe6 {[%emt 0:00:05]} 23. Nc5 {[%emt 0:01:33]} Ng4 {[%emt 0:03:12]} 24. Qxe6+ {
[%emt 0:01:19]} Kh8 {[%emt 0:00:05]} 25. f4 {[%emt 0:03:31]} Nd4 {[%emt 0:03:
05]} 26. Nxa6 {[%emt 0:01:02]} bxa6 {[%emt 0:00:15]} 27. Nxd4 {[%emt 0:04:58]}
Bxd4+ {[%emt 0:00:02]} 28. Kh1 {[%emt 0:00:21]} Rxf4 {[%emt 0:02:08]} 29. g3 {
[%emt 0:06:07]} Rf2 {[%emt 0:04:35]} 30. Re2 {[%emt 0:00:12]} Qb7+ {[%emt 0:00:
43]} 31. Qe4 {[%emt 0:00:46]} Rxe2 {[%emt 0:00:10]} 0-1

[Event "Wch u20 girls"]
[Site "Kocaeli"]
[Date "2013.09.22"]
[Round "9.13"]
[White "Sihite, Chelsie Monica"]
[Black "Karabayeva, Zhanna"]
[Result "1-0"]
[WhiteElo "2285"]
[BlackElo "2029"]
[PlyCount "69"]
[EventDate "2013.09.??"]
[EventType "swiss"]
[EventRounds "13"]
[EventCountry "TUR"]
[Source "CBase R.Goldau"]
[SourceDate "2000.03.01"]
[TimeControl "40/5400+30:1800+30"]

1. e4 e5 {[%emt 0:00:00]} 2. Nf3 {[%emt 0:04:00]} Nc6 {[%emt 0:00:00]} 3. Bc4 {
[%emt 0:00:30]} Bc5 {[%emt 0:00:30]} 4. b4 {[%emt 0:11:30]} Bxb4 {[%emt 0:03:
30]} 5. c3 {[%emt 0:00:00]} Ba5 {[%emt 0:02:30]} 6. d4 {[%emt 0:03:00]} exd4 {
[%emt 0:14:30]} 7. Qb3 {[%emt 0:02:30]} Qf6 {[%emt 0:08:30]} 8. O-O {[%emt 0:
01:30]} Bb6 {[%emt 0:07:30]} 9. e5 {[%emt 0:04:30]} Qg6 {[%emt 0:01:30]} 10.
cxd4 {[%emt 0:01:30]} Nxd4 {[%emt 0:08:30]} 11. Nxd4 {[%emt 0:00:30]} Bxd4 {
[%emt 0:00:00]} 12. Nc3 {[%emt 0:00:30]} Ne7 {[%emt 0:10:00]} 13. Ba3 {[%emt 0:
02:30]} Bxc3 {[%emt 0:03:30]} 14. Qxc3 {[%emt 0:00:30]} Nc6 {[%emt 0:09:30]}
15. Rae1 {[%emt 0:03:30]} b6 {[%emt 0:07:55]} 16. f4 {[%emt 0:01:30]} Bb7 {
[%emt 0:00:24]} 17. f5 {[%emt 0:03:30]} Qg4 {[%emt 0:01:34]} 18. Bd5 {[%emt 0:
02:30]} O-O-O {[%emt 0:00:45]} 19. Re4 {[%emt 0:00:30]} Qh5 {[%emt 0:01:11]}
20. Bc1 {[%emt 0:06:30]} g5 {[%emt 0:03:08]} 21. e6 {[%emt 0:04:30]} fxe6 {
[%emt 0:02:15]} 22. fxe6 {[%emt 0:00:00]} Kb8 {[%emt 0:01:53]} 23. exd7 {[%emt
0:03:00]} Rhf8 {[%emt 0:00:55]} 24. Bxc6 {[%emt 0:04:30]} Rxf1+ {[%emt 0:02:46]
} 25. Kxf1 {[%emt 0:00:00]} Bxc6 {[%emt 0:06:02]} 26. Qxc6 {[%emt 0:00:00]}
Qd1+ {[%emt 0:00:15]} 27. Kf2 {[%emt 0:00:30]} Rxd7 {[%emt 0:00:36]} 28. Bxg5 {
[%emt 0:07:30]} Rf7+ {[%emt 0:00:04]} 29. Kg3 {[%emt 0:00:30]} Rf8 {[%emt 0:00:
02]} 30. Re8+ {[%emt 0:03:30]} Rxe8 {[%emt 0:00:02]} 31. Qxe8+ {[%emt 0:00:00]}
Kb7 {[%emt 0:00:01]} 32. Qe4+ {[%emt 0:00:00]} Kb8 {[%emt 0:01:19]} 33. Bf4 {
[%emt 0:01:30]} h5 {[%emt 0:01:12]} 34. h3 {[%emt 0:00:30]} Qf1 {[%emt 0:01:02]
} 35. Qe8+ {[%emt 0:01:30]} 1-0

[Event "Wch u20 girls"]
[Site "Kocaeli"]
[Date "2013.09.22"]
[Round "9.14"]
[White "Saranya, J."]
[Black "Pavlidou, Ekaterini"]
[Result "0-1"]
[WhiteElo "2094"]
[BlackElo "2209"]
[PlyCount "86"]
[EventDate "2013.09.??"]
[EventType "swiss"]
[EventRounds "13"]
[EventCountry "TUR"]
[Source "CBase R.Goldau"]
[SourceDate "2000.03.01"]
[TimeControl "40/5400+30:1800+30"]

1. e4 c5 2. Nf3 Nc6 3. Bb5 Nf6 {[%emt 0:01:30]} 4. d3 {[%emt 0:05:00]} g6 {
[%emt 0:05:30]} 5. O-O {[%emt 0:00:30]} Bg7 {[%emt 0:00:30]} 6. Nc3 {[%emt 0:
01:30]} a6 {[%emt 0:04:30]} 7. Bxc6 {[%emt 0:00:30]} dxc6 {[%emt 0:00:30]} 8.
Be3 {[%emt 0:00:30]} Nd7 {[%emt 0:01:30]} 9. Re1 {[%emt 0:04:30]} e5 {[%emt 0:
04:30]} 10. Na4 {[%emt 0:04:30]} Qe7 {[%emt 0:02:30]} 11. c4 {[%emt 0:02:30]}
O-O {[%emt 0:01:30]} 12. a3 {[%emt 0:01:30]} Rd8 {[%emt 0:04:30]} 13. b4 {
[%emt 0:07:30]} cxb4 {[%emt 0:02:30]} 14. axb4 {[%emt 0:00:00]} b5 {[%emt 0:02:
30]} 15. Nc5 {[%emt 0:06:00]} Nxc5 {[%emt 0:12:30]} 16. Bxc5 {[%emt 0:00:00]}
Qf6 {[%emt 0:06:30]} 17. Bb6 {[%emt 0:09:00]} Re8 {[%emt 0:01:30]} 18. h3 {
[%emt 0:02:30]} Bf8 {[%emt 0:03:30]} 19. Rb1 {[%emt 0:02:30]} Rb8 {[%emt 0:03:
30]} 20. c5 {[%emt 0:04:30]} Rb7 {[%emt 0:05:30]} 21. d4 {[%emt 0:03:30]} exd4
{[%emt 0:00:30]} 22. e5 {[%emt 0:01:30]} Qe6 {[%emt 0:01:30]} 23. Qxd4 {[%emt
0:07:30]} Rd7 {[%emt 0:01:30]} 24. Qf4 {[%emt 0:07:30]} Bg7 {[%emt 0:08:30]}
25. Rbd1 {[%emt 0:03:30]} Rd5 {[%emt 0:03:30]} 26. Bc7 {[%emt 0:03:30]} h6 {
[%emt 0:02:30]} 27. Bd6 {[%emt 0:02:30]} Rxd1 {[%emt 0:06:21]} 28. Rxd1 {[%emt
0:00:30]} Qb3 {[%emt 0:05:06]} 29. Re1 {[%emt 0:02:28]} Qe6 {[%emt 0:00:30]}
30. Rd1 {[%emt 0:00:30]} Qb3 {[%emt 0:00:30]} 31. Re1 {[%emt 0:00:00]} Be6 {
[%emt 0:00:32]} 32. Ra1 {[%emt 0:04:07]} Bd5 {[%emt 0:03:19]} 33. h4 {[%emt 0:
06:29]} Bxf3 {[%emt 0:02:06]} 34. gxf3 {[%emt 0:00:02]} Qc3 {[%emt 0:00:20]}
35. Rxa6 {[%emt 0:01:02]} Bxe5 {[%emt 0:00:27]} 36. Bxe5 {[%emt 0:00:43]} Rxe5
{[%emt 0:00:08]} 37. Qxh6 {[%emt 0:04:03]} Re8 {[%emt 0:00:08]} 38. Qf4 {[%emt
0:00:52]} Qc4 {[%emt 0:01:20]} 39. Qd2 {[%emt 0:03:46]} Qxh4 {[%emt 0:01:13]}
40. Rxc6 {[%emt 0:00:20]} Re5 {[%emt 0:00:28]} 41. Rc8+ {[%emt 0:31:31]} Kh7 {
[%emt 0:30:07]} 42. Qc3 {[%emt 0:00:00]} Rg5+ {[%emt 0:00:00]} 43. Kf1 {[%emt
0:00:00]} Qh3+ {[%emt 0:00:00]} 0-1

[Event "Wch u20 girls"]
[Site "Kocaeli"]
[Date "2013.09.22"]
[Round "9.15"]
[White "Martinez, Ayelen"]
[Black "Bezgodova, Maria"]
[Result "1-0"]
[WhiteElo "2101"]
[BlackElo "2187"]
[PlyCount "79"]
[EventDate "2013.09.??"]
[EventType "swiss"]
[EventRounds "13"]
[EventCountry "TUR"]
[Source "CBase R.Goldau"]
[SourceDate "2000.03.01"]
[TimeControl "40/5400+30:1800+30"]

1. e4 e5 2. Nf3 Nc6 3. Bb5 a6 4. Ba4 Nf6 5. O-O Be7 6. Re1 b5 7. Bb3 d6 8. c3
O-O 9. h3 Na5 10. Bc2 c5 {[%emt 0:02:00]} 11. d4 {[%emt 0:00:30]} Nd7 {[%emt 0:
00:30]} 12. Nbd2 {[%emt 0:00:30]} exd4 {[%emt 0:00:30]} 13. cxd4 {[%emt 0:00:
30]} Nc6 {[%emt 0:00:30]} 14. Nf1 {[%emt 0:00:30]} cxd4 {[%emt 0:00:00]} 15.
Nxd4 {[%emt 0:00:30]} Nxd4 {[%emt 0:00:00]} 16. Qxd4 {[%emt 0:00:30]} Ne5 {
[%emt 0:00:30]} 17. Ne3 {[%emt 0:03:30]} Bxh3 {[%emt 0:09:30]} 18. f4 {[%emt 0:
19:30]} Nc6 {[%emt 0:00:00]} 19. Qd1 {[%emt 0:00:30]} Be6 {[%emt 0:04:00]} 20.
f5 {[%emt 0:02:30]} Bd7 {[%emt 0:09:30]} 21. Nd5 {[%emt 0:01:30]} Ne5 {[%emt 0:
13:30]} 22. Re3 {[%emt 0:01:30]} Bg5 {[%emt 0:28:30]} 23. Rh3 {[%emt 0:20:30]}
g6 {[%emt 0:04:30]} 24. a4 {[%emt 0:06:30]} Bc6 {[%emt 0:03:30]} 25. Raa3 {
[%emt 0:08:30]} Bxd5 {[%emt 0:02:30]} 26. Bxg5 {[%emt 0:02:30]} Qxg5 {[%emt 0:
00:30]} 27. Rag3 {[%emt 0:00:30]} Qf6 {[%emt 0:10:55]} 28. Qxd5 {[%emt 0:09:30]
} Rac8 {[%emt 0:03:31]} 29. Qd1 {[%emt 0:01:30]} Rfd8 {[%emt 0:02:28]} 30. axb5
{[%emt 0:01:30]} axb5 {[%emt 0:00:10]} 31. Bb3 {[%emt 0:00:30]} Rc7 {[%emt 0:
05:08]} 32. Qh5 {[%emt 0:05:27]} Kf8 {[%emt 0:02:44]} 33. Qxh7 {[%emt 0:00:31]}
g5 {[%emt 0:00:54]} 34. Rh6 {[%emt 0:04:09]} Qg7 {[%emt 0:00:04]} 35. f6 {
[%emt 0:00:18]} Qxh7 {[%emt 0:00:35]} 36. Rxh7 {[%emt 0:00:00]} Ke8 {[%emt 0:
00:50]} 37. Rxg5 {[%emt 0:00:01]} Rdc8 {[%emt 0:00:31]} 38. Be6 {[%emt 0:04:08]
} Rc1+ {[%emt 0:00:31]} 39. Kh2 {[%emt 0:00:36]} Ng6 {[%emt 0:00:24]} 40. Rh8+
{[%emt 0:00:00]} 1-0